000 00518cab a2200181 4500
001 WB2722-12
008 090401t1991 xxu||||| |||| 00| 0 eng d
035 _a(Sirsi) u1769
041 _aeng
245 _aVital signs in commercial property
260 _c1991
350 _a0
490 _aMoney Week
_v(209) 5 June 1991, 4(1)
520 _aThe slump in commercial property returns is bottoming out according to Jones Lang Wootton .
690 _aPROPERTY-COMMERCIAL PROPERTY
942 _n0
948 _c04/03/1997
999 _c1018
_d1018